Library Banner

Grossman & Baim's cardiac catheterization, angiography, and intervention / (Record no. 130799)

MARC details
000 -LEADER
fixed length control field 00527nam a2200181 4500
005 - DATE AND TIME OF LATEST TRANSACTION
control field 20230518103741.0
008 - FIXED-LENGTH DATA ELEMENTS--GENERAL INFORMATION
fixed length control field 230518b ||||| |||| 00| 0 eng d
020 ## - INTERNATIONAL STANDARD BOOK NUMBER
International Standard Book Number 9781496386373
040 ## - CATALOGING SOURCE
Transcribing agency PK-LaUMT
082 ## - DEWEY DECIMAL CLASSIFICATION NUMBER
Classification number 616.120754
Item number GRO-
245 ## - TITLE STATEMENT
Title Grossman & Baim's cardiac catheterization, angiography, and intervention /
Statement of responsibility, etc edited by Mauro Moscucucci
250 ## - EDITION STATEMENT
Edition statement 9th ed.
260 ## - PUBLICATION, DISTRIBUTION, ETC. (IMPRINT)
Place of publication, distribution, etc Philadelphia :
Name of publisher, distributor, etc Wolters Kluwer,
Date of publication, distribution, etc 2021
300 ## - PHYSICAL DESCRIPTION
Extent xvi, 1196 p.
650 ## - SUBJECT ADDED ENTRY--TOPICAL TERM
Topical term or geographic name as entry element Cardiology
650 ## - SUBJECT ADDED ENTRY--TOPICAL TERM
Topical term or geographic name as entry element Angiography
942 ## - ADDED ENTRY ELEMENTS (KOHA)
Koha item type Books
Holdings
Withdrawn status Lost status Damaged status Home library Current library Date acquired Full call number Barcode Date last seen Price effective from Koha item type Copy number
      UMT Health Sciences Campus UMT Health Sciences Campus 2023-05-18 616.120754 GRO- 144847 2023-10-12 2023-05-18 Books  
      UMT Health Sciences Campus UMT Health Sciences Campus 2024-03-18 616.120754 GRO- 146985 2024-03-18 2024-03-18 Books C.2